00898nam a2200217 i 450000100060000000300090000600500170001500700030003200800410003502000180007610000180009424502760011224600650038825000180045326000470047130000220051865000510054065000490059170000190064085200210065944679ES-MaACL20230906161057.0t|030324s1976 ne d ||||1| eng d a0-444-41475-41 aClason, W. E.10aElsevier's dictionary of library science, information and documentation : bin six languages : English/American, French, Spanish, Italian, Dutch and German / ccompiled and arranged on an English alphabetical basis by W.E. Clason ; with Arabic supplement by Shawky Salem.3 aDictionary of library science, information and documentation a2nd printing. aAmsterdam : bElsevier Scientific, c1976. a708 p. ; c23 cm. 4aBiblioteconomía-vDiccionarios políglotas. 4aDocumentación-vDiccionarios políglotas.1 aSalem, Shawky.4 aES-MaACLjL-6901